La escultura contemporanea (Record no. 166696)

MARC details
000 -LEADER
campo de control de longitud fija 00988nam a22002295i 4500
001 - NÚMERO DE CONTROL
campo de control 166696
003 - IDENTIFICADOR DE NÚMERO DE CONTROL
campo de control ES-MaACL
005 - FECHA Y HORA DE LA ÚLTIMA TRANSACCIÓN
campo de control 20250806063135.0
008 - DATOS DE LONGITUD FIJA--INFORMACIÓN GENERAL
campo de control de longitud fija 990625s1877 sp |||| | spa d
040 ## - FUENTE DE CATALOGACIÓN
Centro catalogador/agencia de origen CCPB | B
Lengua de catalogación spa
Centro/agencia transcriptor CCPB | B
080 ## - NÚMERO DE LA CLASIFICACIÓN DECIMAL UNIVERSAL
Número de la Clasificación Decimal Universal 73.035
100 1# - ENTRADA PRINCIPAL--NOMBRE DE PERSONA
Nombre de persona Tubino, Francisco María,
Fechas asociadas al nombre 1833-1888
9 (RLIN) 111620
245 13 - MENCIÓN DEL TÍTULO
Título La escultura contemporanea
Resto del título : Discursos leídos ante la Real Academia de Nobles Artes de San Fernando en la recepción pública del Señor Don Francisco M. Tubino.
260 ## - PUBLICACIÓN, DISTRIBUCIÓN, ETC.
Lugar de publicación, distribución, etc. Madrid :
Nombre del editor, distribuidor, etc. Administracion de La Academia,
Fecha de publicación, distribución, etc. 1877.
300 ## - DESCRIPCIÓN FÍSICA
Extensión 41 p. ;
Dimensiones 25 cm.
505 8# - NOTA DE CONTENIDO CON FORMATO
Nota de contenido con formato Discurso del ... Sr. Marqués de Monistrol, p. 25-41
650 #4 - PUNTO DE ACCESO ADICIONAL DE MATERIA--TÉRMINO DE MATERIA
Término de materia o nombre geográfico como elemento de entrada Escultura-
Subdivisión cronológica S.XIX.
9 (RLIN) 148142
700 0# - ENTRADA AGREGADA--NOMBRE PERSONAL
Nombre de persona Monistrol, José María Escrivá de Romaní
Títulos y otros términos asociados al nombre , Marqués de.
9 (RLIN) 130060
710 2# - ENTRADA AGREGADA--NOMBRE DE ENTIDAD CORPORATIVA
Nombre de entidad corporativa o nombre de jurisdicción como elemento de entrada Real Academia de Bellas Artes de San Fernando.
9 (RLIN) 6291
852 ## - LOCALIZACIÓN
Ubicación ES-MaACL
Número de control de estantería F-M-III-N(II)
Nota libre -- Enc. pasta española
-- -- Enc. en un vol. facticio
Holdings
Estatus retirado Estado de pérdida Estado de daño No para préstamo Colección Biblioteca de origen Biblioteca actual Ubicación en estantería Fecha de adquisición Fuente de adquisición Total de préstamos Signatura topográfica completa Código de barras Visto por última vez Precio de reemplazo Tipo de ítem Koha
        Libros del s. XIX Biblioteca del Ateneo de Madrid Biblioteca del Ateneo de Madrid Administración 17/01/2008     F-M-III-N(II) 1174829 23/02/2023 23/02/2023 Libro impreso antiguo